AIR CRAFT ANATOMY OF WORLD WAR II (Record no. 1220)

MARC details
000 -LEADER
fixed length control field 00406nam a2200145Ia 4500
008 - FIXED-LENGTH DATA ELEMENTS--GENERAL INFORMATION
fixed length control field 230312s9999||||xx |||||||||||||| ||und||
020 ## - INTERNATIONAL STANDARD BOOK NUMBER
International Standard Book Number 0-7858-1722-0
082 ## - DEWEY DECIMAL CLASSIFICATION NUMBER
Classification number 629.13
Item number AIR
245 #0 - TITLE STATEMENT
Title AIR CRAFT ANATOMY OF WORLD WAR II
260 ## - PUBLICATION, DISTRIBUTION, ETC.
Name of publisher, distributor, etc. CHARTWELL
Place of publication, distribution, etc. New Jersey
Date of publication, distribution, etc. 2003
300 ## - PHYSICAL DESCRIPTION
Extent 256
546 ## - LANGUAGE NOTE
Language note Eng.
650 ## - SUBJECT ADDED ENTRY--TOPICAL TERM
Topical term or geographic name entry element Aviation
Form subdivision Bombers and Dive Bombers , Fighter and Ground Attack Aircraft
942 ## - ADDED ENTRY ELEMENTS (KOHA)
Koha item type BOOK
Holdings
Withdrawn status Lost status Source of classification or shelving scheme Damaged status Not for loan Home library Current library Date acquired Total Checkouts Full call number Barcode Date last seen Price effective from Koha item type
    Dewey Decimal Classification     Superior Information Resource Center (SIRC) Superior University- Main Campus Superior Information Resource Center (SIRC) Superior University- Main Campus 03/13/2023   629.13 AIR 1230 03/13/2023 03/13/2023 BOOK

Powered by Koha